All Pokémon used by important Hoenn trainers - Statistics

General Stats
  • This quiz has been taken 44 times
    24 since last reset
  • The average score is 232 of 325
Answer Stats
Trainer Games Pokémon % Correct
Roxanne RSE, ORAS Geodude
100%
Roxanne Emerald Geodude
100%
Roxanne Emerald (Rematch only), B2W2 Golem
100%
Brawly Emerald (Rematch only), B2W2 Hariyama
100%
Brawly RSE, ORAS Machop
100%
Brawly RSE, ORAS Makuhita
100%
Roxanne RSE, ORAS Nosepass
100%
Roxanne Emerald (Rematch only) Aerodactyl
86%
Steven ORAS (Rematch only) Aerodactyl
86%
Roxanne B2W2 Aggron
86%
Steven RSE, B2W2, ORAS Aggron
86%
Winona RSE, B2W2, ORAS Altaria
86%
Drake RSE, ORAS Altaria
86%
Wally RSE, ORAS, SM, USUM Altaria
86%
Zinnia ORAS Altaria
86%
Wattson Emerald (Rematch only) Ampharos
86%
Flannery Emerald (Rematch only) Arcanine
86%
Spenser Emerald Arcanine
86%
Roxanne B2W2 Armaldo
86%
Steven RSE, B2W2, ORAS Armaldo
86%
Steven RSE (Gift), ORAS (Gift) Beldum
86%
Steven HGSS (Traded to the player) Beldum
86%
Flannery B2W2 Blaziken
86%
Brendan/May ORAS (Conditionally) Blaziken
86%
Norman Emerald (Rematch only) Blissey
86%
Brawly B2W2 Breloom
86%
Brendan/May ORAS (Conditionally) Breloom
86%
Greta Emerald Breloom
86%
Flannery Emerald, B2W2 Camerupt
86%
Courtney Ruby, OR Camerupt
86%
Tabitha Ruby, Emerald, OR Camerupt
86%
Maxie Ruby, Emerald, OR, USUM Camerupt
86%
Steven ORAS (Rematch only) Carbink
86%
Matt Sapphire Carvanha
86%
Matt Sapphire Carvanha
86%
Shelly Sapphire, Emerald, AS Carvanha
86%
Flannery B2W2 Chandelure
86%
Phoebe ORAS (Rematch only) Chandelure
86%
Brendan/May RSE (Conditionally), ORAS (Conditionally) Combusken
86%
Roxanne B2W2 Cradily
86%
Steven RSE, B2W2, ORAS Cradily
86%
Wally RSE, ORAS Delcatty
86%
Winona Emerald (Rematch only) Dragonite
86%
Phoebe ORAS (Rematch only) Drifblim
86%
Phoebe RSE, ORAS Dusclops
86%
Phoebe RSE Dusclops
86%
Phoebe ORAS Dusknoir
86%
Wattson Emerald Electrike
86%
Norman B2W2 Exploud
86%
Brendan/May ORAS (Battle Maison only) Exploud
86%
Glacia ORAS Froslass
86%
Glacia ORAS Froslass
86%
Tate & Liza B2W2 Gallade
86%
Wally ORAS, SM, USUM Garchomp
86%
Liza B2W2 Gardevoir
86%
Wally RSE Gardevoir
86%
Glacia RSE, ORAS Glalie
86%
Glacia RSE, ORAS Glalie
86%
Maxie USUM Groudon
86%
Brendan/May RSE (Conditionally), ORAS (Conditionally) Grovyle
86%
Drake ORAS (Rematch only) Haxorus
86%
Tate & Liza Emerald (Rematch only) Hypno
86%
Roxanne Emerald (Rematch only) Kabuto
86%
Roxanne Emerald (Rematch only) Kabutops
86%
Archie USUM Kyogre
86%
Norman Emerald Linoone
86%
Liza RSE, B2W2, ORAS Lunatone
86%
Wallace RS, ORAS Luvdisc
86%
Juan Emerald Luvdisc
86%
Brawly Emerald (Rematch only), B2W2 Machamp
86%
Wattson RS, ORAS Magnemite
86%
Wattson RSE, ORAS Magneton
86%
Wally RSE, ORAS Magneton
86%
Wattson B2W2 Magnezone
86%
Wally ORAS, SM, USUM Magnezone
86%
Sidney ORAS (Rematch only) Mandibuzz
86%
Wattson Emerald, B2W2 Manectric
86%
Brendan/May RSE (Conditionally), ORAS (Conditionally) Marshtomp
86%
Brawly Emerald (Rematch only), B2W2 Medicham
86%
Lisia ORAS Mega Altaria
86%
Brendan/May ORAS (Conditionally) Mega Blaziken
86%
Maxie OR Mega Camerupt
86%
Wally ORAS, SM, USUM Mega Gallade
86%
Glacia ORAS (Rematch only) Mega Glalie
86%
Steven ORAS Mega Metagross
86%
Phoebe ORAS (Rematch only) Mega Sableye
86%
Drake ORAS (Rematch only) Mega Salamence
86%
Zinnia ORAS Mega Salamence
86%
Brendan/May ORAS (Conditionally) Mega Sceptile
86%
Archie AS Mega Sharpedo
86%
Brendan/May ORAS (Conditionally) Mega Swampert
86%
Steven RSE, B2W2, ORAS Metagross
86%
Tucker Emerald Metagross
86%
Brawly B2W2 Mienshao
86%
Sidney RSE, ORAS Mightyena
86%
Courtney Ruby Mightyena
86%
Tabitha Ruby, Emerald, OR Mightyena
86%
Maxie Ruby, Emerald, OR Mightyena
86%
Matt Sapphire, Emerald Mightyena
86%
Shelly Sapphire, Emerald, AS Mightyena
86%
Archie Sapphire, Emerald, AS, USUM Mightyena
86%
Wattson B2W2 Minun
86%
Phoebe ORAS (Rematch only) Mismagius
86%
Anabel SM, USUM Mismagius
86%
Steven HGSS (Possible gift) Mudkip
86%
Brendan/May RSE (Conditionally), ORAS (Conditionally) Mudkip
86%
Birch RSE (Possible gift), ORAS (Possible gift) Mudkip
86%
Flannery Emerald, ORAS Numel
86%
Brendan/May RS (Conditionally) Numel
86%
Courtney Ruby Numel
86%
Tabitha Ruby, Emerald, OR Numel
86%
Tabitha Ruby, Emerald Numel
86%
Roxanne Emerald (Rematch only) Omanyte
86%
Roxanne Emerald (Rematch only) Omastar
86%
Winona RSE, B2W2, ORAS Pelipper
86%
Brendan/May Emerald (Conditionally) Pelipper
86%
Wattson B2W2 Plusle
86%
Roxanne B2W2 Probopass
86%
Wally RSE Ralts
86%
Roxanne B2W2 Relicanth
86%
Juan B2W2 Relicanth
86%
Phoebe RSE, ORAS Sableye
86%
Drake RSE, ORAS Salamence
86%
Zinnia ORAS Salamence
86%
Tucker Emerald Salamence
86%
Anabel SM, USUM Salamence
86%
Brendan/May ORAS (Conditionally) Sceptile
86%
Brawly B2W2 Scrafty
86%
Sidney ORAS (Rematch only) Scrafty
86%
Wallace RS, ORAS Seaking
86%
Wallace RS, ORAS Sealeo
86%
Juan Emerald Sealeo
86%
Glacia RSE Sealeo
86%
Glacia RSE Sealeo
86%
Wallace B2W2 Sharpedo
86%
Sidney RS, ORAS Sharpedo
86%
Matt Sapphire, AS Sharpedo
86%
Shelly Sapphire, Emerald Sharpedo
86%
Archie Sapphire, Emerald, AS, USUM Sharpedo
86%
Norman RS, Emerald (Rematch only), ORAS Slaking
86%
Norman RSE, B2W2, ORAS Slaking
86%
Spenser Emerald Slaking
86%
Tate RSE, B2W2, ORAS Solrock
86%
Norman Emerald, B2W2 Spinda
86%
Winona Emerald Swablu
86%
Wallace B2W2 Swampert
86%
Brendan/May ORAS (Conditionally) Swampert
86%
Tucker Emerald Swampert
86%
Winona RS, B2W2, ORAS Swellow
86%
Brendan/May RS, ORAS Swellow
86%
Wallace Emerald, ORAS Tentacruel
86%
Steven HGSS (Possible gift) Torchic
86%
Brendan/May RSE (Conditionally), ORAS (Conditionally) Torchic
86%
Birch RSE (Possible gift), ORAS (Possible gift) Torchic
86%
Flannery RSE, B2W2, ORAS Torkoal
86%
May Emerald (Conditionally) Torkoal
86%
Steven HGSS (Possible gift) Treecko
86%
Brendan/May RSE (Conditionally), ORAS (Conditionally) Treecko
86%
Birch RSE (Possible gift), ORAS (Possible gift) Treecko
86%
Norman RSE, ORAS Vigoroth
86%
Wallace B2W2 Walrein
86%
Juan Emerald (Rematch only), B2W2 Walrein
86%
Glacia RSE, ORAS Walrein
86%
Sidney RSE, ORAS Absol
71%
Wally ORAS Azumarill
71%
Phoebe RSE, ORAS Banette
71%
Phoebe RSE, ORAS Banette
71%
Roxanne B2W2 Carracosta
71%
Norman Emerald (Rematch only) Chansey
71%
Tucker Emerald Charizard
71%
Birch Emerald (Possible gift), ORAS (Possible gift) Chikorita
71%
Tate & Liza Emerald, B2W2 Claydol
71%
Steven RSE, ORAS Claydol
71%
Brendan/May ORAS (Battle Maison only) Claydol
71%
Juan Emerald, B2W2 Crawdaunt
71%
Sidney Emerald Crawdaunt
71%
Birch Emerald (Possible gift), ORAS (Possible gift) Cyndaquil
71%
Tate & Liza Emerald (Rematch only) Drowzee
71%
Wattson Emerald (Rematch only) Electabuzz
71%
Wattson Emerald (Rematch only), B2W2 Electrode
71%
Wattson Emerald (Rematch only) Flaaffy
71%
Drake RSE, ORAS Flygon
71%
Drake RS, ORAS Flygon
71%
Greta Emerald Gengar
71%
Flannery Emerald (Rematch only) Growlithe
71%
Brawly Emerald (Rematch only) Hitmonchan
71%
Brawly Emerald (Rematch only) Hitmonlee
71%
Brawly Emerald (Rematch only), B2W2 Hitmontop
71%
Brendan/May Emerald (Conditionally) Lombre
71%
Brendan/May Emerald (Conditionally) Lotad
71%
Birch Emerald (Unused in battle) Lotad
71%
Anabel SM, USUM Lucario
71%
Wallace Emerald, B2W2, ORAS Ludicolo
71%
Brendan/May Emerald (Conditionally) Ludicolo
71%
Flannery B2W2 Magmortar
71%
Brawly Emerald Meditite
71%
Sidney ORAS (Rematch only) Mega Absol
71%
Steven Emerald, ORAS Metang
71%
Wallace RSE, B2W2, ORAS Milotic
71%
Lucy Emerald Milotic
71%
Birch ORAS (Possible gift) Oshawott
71%
Wattson Emerald (Rematch only) Pikachu
71%
Tabitha Ruby, Emerald Poochyena
71%
Matt Sapphire Poochyena
71%
Wattson Emerald (Rematch only), B2W2 Raichu
71%
Brendan/May ORAS Raichu
71%
Flannery Emerald (Rematch only) Rapidash
71%
Drake RSE Shelgon
71%
Sidney RSE, ORAS Shiftry
71%
Winona RSE, B2W2, ORAS Skarmory
71%
Steven RSE, ORAS Skarmory
71%
Flannery RSE, ORAS Slugma
71%
Flannery RS Slugma
71%
Brendan Emerald (Conditionally), ORAS (Conditionally) Slugma
71%
Birch ORAS (Possible gift) Snivy
71%
Anabel Emerald, SM, USUM Snorlax
71%
Roxanne Emerald (Rematch only) Steelix
71%
Lucy Emerald Steelix
71%
Norman Emerald (Rematch only) Tauros
71%
Birch ORAS (Possible gift) Tepig
71%
Birch Emerald (Possible gift), ORAS (Possible gift) Totodile
71%
Winona Emerald, B2W2 Tropius
71%
Brendan/May Emerald Tropius
71%
Wallace Emerald, ORAS Wailord
71%
Brendan/May ORAS (Conditionally) Wailord
71%
Brendan/May Emerald (Conditionally) Wingull
71%
Tate & Liza Emerald, B2W2 Xatu
71%
Norman B2W2 Zangoose
71%
Glacia ORAS (Rematch only) Abomasnow
57%
Anabel Emerald, SM, USUM Alakazam
57%
Steven B2W2 Archeops
57%
Glacia ORAS (Rematch only) Beartic
57%
Tate B2W2 Bronzong
57%
Sidney RSE, ORAS Cacturne
57%
Norman B2W2 Castform
57%
Birch ORAS (Possible gift) Chimchar
57%
Tate & Liza B2W2 Chimecho
57%
Maxie Ruby, Emerald, USUM Crobat
57%
Archie Sapphire, Emerald, AS, USUM Crobat
57%
Spenser Emerald Crobat
57%
Winona Emerald (Rematch only) Dragonair
57%
Tabitha Emerald Golbat
57%
Maxie Ruby, OR Golbat
57%
Matt Emerald Golbat
57%
Archie Sapphire, AS Golbat
57%
Zinnia ORAS Goodra
57%
Tate & Liza B2W2 Grumpig
57%
Winona B2W2 Gyarados
57%
Wallace Emerald, ORAS Gyarados
57%
Lucy Emerald Gyarados
57%
Flannery Emerald (Rematch only), B2W2 Houndoom
57%
Juan Emerald, B2W2 Kingdra
57%
Drake Emerald, ORAS Kingdra
57%
Juan Emerald (Rematch only) Lapras
57%
Spenser Emerald Lapras
57%
Tucker Emerald Latias
57%
Anabel Emerald, SM, USUM Latios
57%
Flannery Emerald (Rematch only), B2W2 Magcargo
57%
Brendan/May ORAS (Conditionally) Magcargo
57%
Wattson Emerald (Rematch only) Mareep
57%
Winona Emerald (Rematch only) Noctowl
57%
Zinnia ORAS Noivern
57%
Roxanne Emerald (Rematch only) Onix
57%
Birch ORAS (Possible gift) Piplup
57%
Flannery Emerald (Rematch only) Ponyta
57%
Tate B2W2 Reuniclus
57%
Wattson B2W2 Rotom (Wash)
57%
Brendan/May RS (Conditionally), ORAS (Conditionally) Shroomish
57%
Tate & Liza Emerald (Rematch only) Slowking
57%
Norman B2W2 Staraptor
57%
Birch ORAS (Possible gift) Turtwig
57%
Wattson RSE, ORAS Voltorb
57%
Brendan/May RS (Conditionally), ORAS (Conditionally) Wailmer
57%
Wallace RSE, ORAS Whiscash
57%
Juan Emerald, B2W2 Whiscash
57%
Tabitha Emerald Zubat
57%
Maxie Emerald Zubat
57%
Brandon Emerald Articuno
43%
Birch RS (Unused in battle) Azurill
43%
Norman B2W2 Bouffalant
43%
Winona Emerald (Rematch only) Dratini
43%
Anabel Emerald, SM, USUM Entei
43%
Liza B2W2 Gothitelle
43%
Brawly B2W2 Heracross
43%
Greta Emerald Heracross
43%
Winona B2W2 Honchkrow
43%
Norman Emerald (Rematch only) Kangaskhan
43%
Norman B2W2 Kecleon
43%
Brandon Emerald Moltres
43%
Juan Emerald (Rematch only), B2W2 Politoed
43%
Anabel Emerald, SM, USUM Raikou
43%
Brandon Emerald Regice
43%
Brandon Emerald Regirock
43%
Brandon Emerald Registeel
43%
Wally RSE, ORAS Roselia
43%
Wally ORAS Roserade
43%
Norman B2W2 Sawsbuck (Winter)
43%
Lucy Emerald Seviper
43%
Tate & Liza Emerald (Rematch only) Slowpoke
43%
Wallace B2W2 Starmie
43%
Spenser Emerald Suicune
43%
Zinnia ORAS Tyrantrum
43%
Anabel SM, USUM Weavile
43%
Zinnia ORAS (Unused in battle) Whismur
43%
Brandon Emerald Zapdos
43%
Sidney ORAS (Rematch only) Zoroark
43%
Norman B2W2 Ambipom
29%
Drake ORAS (Rematch only) Dragalge
29%
Steven B2W2 Excadrill
29%
Juan B2W2 Gorebyss
29%
Winona Emerald (Rematch only) Hoothoot
29%
Flannery Emerald (Rematch only) Houndour
29%
Archie AS, USUM Muk
29%
Lucy Emerald Shuckle
29%
Winona B2W2 Sigilyph
29%
Wally ORAS Talonflame
29%
Greta Emerald Umbreon
29%
Glacia ORAS (Rematch only) Vanilluxe
29%
Maxie OR, USUM Weezing
29%
Shelly AS Grimer
14%
Juan B2W2 Huntail
14%
Tabitha OR Koffing
14%
Juan Emerald (Rematch only) Poliwag
14%
Juan Emerald (Rematch only) Poliwhirl
14%
Greta Emerald Shedinja
14%
No matching quizzes found
Score Distribution
Percent of People with Each Score
Percentile by Number Answered
Your Score History
You have not taken this quiz since the last reset